LEADER 01458nam a2200313 a 4500 001 000000125696 003 CaOOAMICUS 005 20110615133216.0 008 110615s2011 it b u000 u ita r 040 $aPUL$bita 041 1 $aita$heng 082 04$a909 100 1 $aBrown, Peter Robert Lamont,$d1935-$0(OLS)http://pul/name/10649 240 10$aRise of Western Christendom : triumph and diversity, AD 200-1000.$lItaliano.$0(OLS)http://pul/title/77010 245 13$aLa formazione dell'Europa cristiana :$buniversalismo e diversità, 200-1000 d. C. /$c[Peter Brown ; traduzione di Michele Sanpaolo]. 260 $aMilano :$bMondadori,$c©2011. 300 $a766 p. :$bc. geogr. ;$c18 cm 490 1 $aI classici della storia ;$v39 504 $aInclude riferimenti bibliografici ed indice. 651 4$aEuropa$xStoria.$0(OLS)http://pul/subject/6892 700 1 $aSanpaolo, Michele.$0(OLS)http://pul/name/79629 830 0$aClassici della storia ;$v39.$0(OLS)http://pul/title/155349 850 $aPUL 852 $aPUL$W1$xSL Cons. Gen., Altre Classi 3$y75$m909 COLL 3.39$j144794$qDDC 21$B143807$CPULBib$Z2$F143807 $H117447 $82 941 1 $a9 996 $6082$a909$9(OLS)http://pul/classification/566 996 $6245$aLa formazione dell'Europa cristiana :$buniversalismo e diversità, 200-1000 d. C.$9(OLS)http://pul/title/77011 996 $6260$aMilano :$bMondadori$9(OLS)http://pul/publisher/50297 LEADER 01613nam a2200373 a 4500 001 000000171797 003 CaOOAMICUS 005 20190415165115.0 008 190415s2019 it u000 u ita r 020 $a978-88-28-80640-0* 032 $aLibriCat 040 $aPUL$bita 082 $a348.45 110 1 $aItalia.$0(OLS)http://pul/name/1188 240 10$aCodice di procedura penale (2019).$0(OLS)http://pul/title/212633 245 10$aCodice di procedura penale /$cdiretto da Sergio Beltrani ;commentato e aggiornato in dejure con Aldo Aceto... [et al.]. 260 $aMilano :$bGiuffrè,$c2019. 300 $aXXXII, 2744 p. ; $c25 cm 490 1 $aI codici commentati 500 $aTesto su due colonne. 500 $aSulla coperta : Aggiornato alla "Anticorruzione" L.n. 3/2019. 500 $aEdizione integrale on-line. 650 4$aDiritto processuale penale.$0(OLS)http://pul/subject/3721 700 1 $aAceto, Aldo,$d1963-$0(OLS)http://pul/name/109318 700 1 $aBeltrani, Sergio,$d1964-$0(OLS)http://pul/name/33912 830 2$aI codici commentati (Giuffrè).$0(OLS)http://pul/title/192430 850 $aPUL 852 $aPUL$W1$xSL Diritto e Scienze Sociali 3$y79$m348. 45 COD 5.45$j195600$qDDC 21$B200476$CPULBib$Z2$F200476 $H132586 $82 941 1 $a9 996 $6020$a978-88-28-80640-0*$9(OLS)http://pul/number/165981 996 $6082$a348.45$9(OLS)http://pul/classification/373 996 $6245$aCodice di procedura penale$9(OLS)http://pul/title/97425 996 $6260$aMilano :$bGiuffrè$9(OLS)http://pul/publisher/48401